000 00461pam a2200169 a 4500
020 _a9971-51-366-8
_c
041 _h
082 _a004.68
_bLIN/CHA
100 _aLIN Y.B., CHLAMTAC I.
245 _aWIRELESS AND MOBILE NETWORK ARCHITECTURES/
_hTextual Documents
250 _a01-01-2006.
260 _bJOHN WILEY AND SONS. INC., NEW YORK
300 _aXXII/532
_c23 X 15
500 _a12356
653 _aMOBILE COMPUTING (B.E. ELECTIVE) I
930 _a11887
999 _c55112
_d55112